00828cam a22002174a 4500020003600000040000800036082002900044100001900073245005200092260003400144300002800178500002000206650001700226650001000243856006000253856006700313856005900380942000700439999001700446952014700463 a0471214205 (cloth : alk. paper) cDLC00a641 WIL 2002 A042 Or.aB1 aVillas, James.10aBetween bites :bmemoirs of a hungry hedonist / aNew York :bJ. Wiley,cc2002. a296 p. :bill ;c24 cm. aIncludes index. 0aFood writers 0aCooks42uhttp://www.loc.gov/catdir/bios/wiley043/2001046815.html42uhttp://www.loc.gov/catdir/description/wiley036/2001046815.html41uhttp://www.loc.gov/catdir/toc/wiley021/2001046815.html cEK c12855d12855 0010406641_000000000000000_WIL_2002_A042_OR70962948aLBAbLBAcA042d2017-08-17o641 WIL 2002 A042 Or.pA16870r2017-08-17w2017-08-17yEK